000
00288nam a22001337a 4500
005
20171207111452.0
008
171207b xxu||||| |||| 00| 0 eng d
041
_a
eng
082
_a
530
245
_a
MECHANICS
260
_a
GT.BRITAIN
_b
T.D.SOUTHERN LTD.
300
_a
466p,
942
_c
BK
999
_c
5670
_d
5668